GATE : (Record no. 149291)

MARC details
000 -LEADER
fixed length control field 00628nam a22001697a 4500
005 - DATE AND TIME OF LATEST TRANSACTION
control field 20180118142024.0
010 ## - LCCN (DPL NO)
LC control number ENG-122108
020 ## - INTERNATIONAL STANDARD BOOK NUMBER
International Standard Book Number 9789352606917
Terms of availability 895.00
035 ## - SYSTEM CONTROL NUMBER
System control number EN-105640
037 ## - SOURCE OF ACQUISITION
Source of stock number/acquisition DBAD/PUB
082 ## - DEWEY DECIMAL CLASSIFICATION NUMBER
Classification number 621.381
245 ## - TITLE STATEMENT
Title GATE :
Remainder of title topic- wise previous year solved paper for electronics and communication engineering /
260 ## - PUBLICATION, DISTRIBUTION, ETC. (IMPRINT)
Place of publication, distribution, etc Tamil Nadu
Name of publisher, distributor, etc McGraw Hill Education (India)
Date of publication, distribution, etc c2017
270 ## - ADDRESS
Address 444/1, Sri Ekambara Naicker Industrial Estate, Alapakkam, Porur, Chennai-600116, Tamil Nadu, India
300 ## - PHYSICAL DESCRIPTION
Extent xi, various pages.
Dimensions 28cm(pbk)
Other physical details ill.
942 ## - ADDED ENTRY ELEMENTS (KOHA)
Source of classification or shelving scheme Dewey Decimal Classification
Item type English Books
Classification part 621.381
Call number suffix GAT
Holdings
Withdrawn status Lost status Not for loan Collection code Home library Current library Date acquired Source of acquisition Cost, normal purchase price Full call number Barcode Copy number Cost, replacement price Koha item type
      Non-fiction Sarojini Nagar Sarojini Nagar 18/01/2018 DBAD/PUB 895.00 621.381 GAT EN-105640 1 895.00 English Books

© Delhi Public Library
Hit Counter
free hit counter